الجامع فى أخبار ابى العلاء المعرى وآثاره / (رقم التسجيلة. 179930)

تفاصيل مارك
000 -LEADER
fixed length control field 01535namaa2200349 i 4500
003 - CONTROL NUMBER IDENTIFIER
control field EG-GICUC
005 - DATE AND TIME OF LATEST TRANSACTION
control field 20260503135838.0
008 - FIXED-LENGTH DATA ELEMENTS--GENERAL INFORMATION
fixed length control field 260503s1992 le ||||jr|||| 00| 0aara d
040 ## - CATALOGING SOURCE
Original cataloging agency EG-GiCUC
Language of cataloging ara
Transcribing agency EG-GiCUC
Modifying agency EG-GiCUC
Description conventions rda
082 04 - DEWEY DECIMAL CLASSIFICATION NUMBER
Edition number 21
Classification number 811.92
Item number A3165j
092 04 - LOCALLY ASSIGNED DEWEY CALL NUMBER (OCLC)
Edition number 21
Classification number 811.92
Item number A3165j
099 ## - LOCAL FREE-TEXT CALL NUMBER (OCLC)
Classification number 811.92 A3165j 1992
100 0# - MAIN ENTRY--PERSONAL NAME
Personal name أبو العلاء المعري،
Dates associated with a name 973-1057
Relator term مؤلف.
245 1# - TITLE STATEMENT
Title الجامع فى أخبار ابى العلاء المعرى وآثاره /
Remainder of title ألفه محمد سليم الجندى ؛ علق عليه واشرف على طبعه عبد الهادى هاشم
250 ## - EDITION STATEMENT
Edition statement الطبعة الثانية
264 ## - PRODUCTION, PUBLICATION, DISTRIBUTION, MANUFACTURE, AND COPYRIGHT NOTICE
Place of production, publication, distribution, manufacture بيروت (لبنان) :
Name of producer, publisher, distributor, manufacturer دار صادر،
Date of production, publication, distribution, manufacture, or copyright notice 1992
300 ## - PHYSICAL DESCRIPTION
Extent 3 مجلدات ؛
Dimensions 24 سم
336 ## - CONTENT TYPE
Source rdacontent
Content type term text
337 ## - MEDIA TYPE
Source rdamedia
Media type term Unmediated
338 ## - CARRIER TYPE
Source rdacarrier
Carrier type term volume
490 0# - SERIES STATEMENT
Series statement مطبوعات مجمع اللغة العربية بدمشق
504 ## - BIBLIOGRAPHY, ETC. NOTE
Bibliography, etc. note يشتمل على ارجاعات ببليوجرافية وفهارس.
541 ## - IMMEDIATE SOURCE OF ACQUISITION NOTE
Source of acquisition د. / جابر عصفور ؛
Address القاهرة ؛
Method of acquisition إهداء ؛
Date of acquisition 2024.
600 00 - SUBJECT ADDED ENTRY--PERSONAL NAME
Personal name ابو العلاء المعرى
Dates associated with a name 973-1057
650 17 - SUBJECT ADDED ENTRY--TOPICAL TERM
Topical term or geographic name entry element الشعراء العرب
Source of heading or term qrmak
650 17 - SUBJECT ADDED ENTRY--TOPICAL TERM
Topical term or geographic name entry element الشعر العربى
General subdivision تاريخ ونقد
Chronological subdivision العصر العباسى الثالث
Source of heading or term qrmak
650 17 - SUBJECT ADDED ENTRY--TOPICAL TERM
Topical term or geographic name entry element الشعر العربى
General subdivision دواوين وقصائد
Source of heading or term qrmak
651 1# - SUBJECT ADDED ENTRY--GEOGRAPHIC NAME
Source of heading or term qrmak
700 1# - ADDED ENTRY--PERSONAL NAME
Personal name هاشم، عبد الهادى،
Relator term مشرف.
905 ## - Cataloger and Reviser Names
Cataloger Name Amira
942 ## - ADDED ENTRY ELEMENTS (KOHA)
Source of classification or shelving scheme Dewey Decimal Classification
Koha item type Books
Edition 21
Suppress in OPAC No
المقتنيات
Withdrawn status Lost status Source of classification or shelving scheme Damaged status Not for loan Home library Current library Date acquired Inventory number Total checkouts Full call number Barcode Date last seen Price effective from Koha item type
    Dewey Decimal Classification   Not for loan المكتبة المركزبة الجديدة - جامعة القاهرة قاعة المكتبات المهداة - الدور الرابع 03.05.2026 175455   811.92 A3165j 1992 v.1 J.U. 01000100175455001 03.05.2026 03.05.2026 Books
    Dewey Decimal Classification   Not for loan المكتبة المركزبة الجديدة - جامعة القاهرة قاعة المكتبات المهداة - الدور الرابع 03.05.2026 175455   811.92 A3165j 1992 v.2 J.U. 01000100175455002 03.05.2026 03.05.2026 Books
    Dewey Decimal Classification   Not for loan المكتبة المركزبة الجديدة - جامعة القاهرة قاعة المكتبات المهداة - الدور الرابع 03.05.2026 175455   811.92 A3165j 1992 v.3 J.U. 01000100175455003 03.05.2026 03.05.2026 Books
Cairo University Libraries Portal Implemented & Customized by: Eng. M. Mohamady Contacts: new-lib@cl.cu.edu.eg | cnul@cl.cu.edu.eg
CUCL logo CNUL logo
© All rights reserved — Cairo University Libraries
CUCL logo
Implemented & Customized by: Eng. M. Mohamady Contact: new-lib@cl.cu.edu.eg © All rights reserved — New Central Library
CNUL logo
Implemented & Customized by: Eng. M. Mohamady Contact: cnul@cl.cu.edu.eg © All rights reserved — Cairo National University Library